LIBRARY & INFORMATION CENTRE, KCAET, TAVANUR

ONLINE PUBLIC ACCESS CATALOGUE (OPAC)

Lives of the english poets, Vol.II / (Record no. 5784)

MARC details
000 -LEADER
fixed length control field 00380cam a2200145ua 4500
041 ## - LANGUAGE CODE
Language code of text/sound track or separate title ben
082 ## - DEWEY DECIMAL CLASSIFICATION NUMBER
Classification number 928.21
Item number JOH/LI
100 ## - MAIN ENTRY--AUTHOR NAME
Personal name Johnson, Samouel .
245 ## - TITLE STATEMENT
Title Lives of the english poets, Vol.II /
260 ## - PUBLICATION, DISTRIBUTION, ETC. (IMPRINT)
Place of publication London :
Name of publisher Oxford University Press ,
Year of publication 1961.
300 ## - PHYSICAL DESCRIPTION
Number of Pages 472 ; .
942 ## - ADDED ENTRY ELEMENTS (KOHA)
Koha item type Books
Holdings
Withdrawn status Lost status Damaged status Home library Current library Date acquired Full call number Accession Number Koha item type
Withdrawn     KAUAET Sanskrit University 07/04/2012 928.21 5295 Books
free website counter